|
|
|
|
| LEADER |
01107nab#a2200349#ar4500 |
| 001 |
000097321 |
| 003 |
SVKKK |
| 005 |
20090917133451.0 |
| 008 |
080509c2009 xo |||||||||||||||b|eng |
| FMT |
|
|
|
| 015 |
|
|
|a SNBRB2009/09
|
| 038 |
|
|
|a SVKKK
|
| 040 |
|
|
|a SVKKK
|b slo
|e AACR2
|
| 041 |
0 |
|
|a eng
|b eng
|
| 044 |
|
|
|a ne
|c NL
|
| 080 |
|
|
|a 552.52
|2 1997
|
| 100 |
1 |
|
|a Erguler, Z.A.
|4 aut
|
| 242 |
1 |
0 |
|a Hodnotenie charakteristík fyzikálneho rozpadu ílovitých hornín: skúška rozpadového indexu a nová tabuľka klasifikácie životnosti
|
| 245 |
1 |
0 |
|a Assessment of physical disintegration characteristics of clay-bearing rocks: disintegration index test and a new durability classification chart
|c Z.A. Erguler, R. Ulusay
|
| 300 |
|
|
|b Obr., tab.
|
| 504 |
|
|
|a Bibliogr. odkazy
|
| 546 |
|
|
|a Res. angl.
|
| 650 |
0 |
4 |
|a ílovité horniny
|x odolnosť voči rozpadu
|
| 700 |
1 |
|
|a Ulusay, R.
|4 aut
|
| 773 |
0 |
|
|t Engineering geology
|g Roč. 105, č. 1-2 (apríl 2009), s. 11-19
|x 0013-7952
|
| 958 |
|
|
|a NB
|
| 974 |
|
|
|a Ni
|
| 992 |
|
|
|a RBX
|
| BAS |
|
|
|
| 852 |
|
|
|a SVKKK
|b BIB
|
| EXP |
|
|
|
| 998 |
|
|
|a GEO
|